Scrambled 7-letter Words, A-Z - Statistics

General Stats
  • This quiz has been taken 102 times
  • The average score is 18 of 26
Answer Stats
Hint Answer % Correct
drkwaaw A Awkward
95%
vccaein V Vaccine
95%
xaplmee E Example
94%
ycendec D Decency
85%
kedewen W Weekend
85%
ccatboo T Tobacco
81%
erquabo B Baroque
78%
eqetrui Q Quieter
78%
nilgnki I Inkling
77%
adcokdh H Haddock
76%
flruyfg G Gruffly
74%
ncroeju C Conjure
73%
melrupb P Plumber
73%
eulnkkc K Knuckle
72%
eiquylf L Liquefy
72%
dwuunno U Unwound
70%
ygsfiin S Signify
67%
ikfcdle F Flicked
66%
jawkyal J Jaywalk
65%
sebneoc O Obscene
65%
urnemla N Numeral
59%
ngoyliw Y Yowling
57%
maveolr R Removal
49%
rucmike M Muckier
43%
fzulets Z Zestful
42%
loyxtil X Xylitol
41%
No matching quizzes found
Score Distribution
Percent of People with Each Score
Percentile by Number Answered
Your Score History
You have not taken this quiz